Städte in Kanada - Sudden Death - Statistiken

Allgemein
  • Dieses Quiz wurde 354 mal gespielt
  • Das Durchschnittsergebnis liegt bei 8 aus 21
Answers on the Grid
Answers color-coded by a green-red scale on the quiz's grid according to % correct below.
Toronto
Ottawa
Vancouver
Montreal
Yellowknife
Iqualuit
Sudbury
Halifax
Saguenay
Winnipeg
Regina
Edmonton
Calgary
Sherbrooke
Nuuk
Detroit
Buffalo
Brisbane
Middlesbrough
Cork
Inverness
Spokane
Fargo
Fairbanks
Orléans
Newport
Napier
Townsville
Montgomery
Trois-Rivières
Providence
Charleroi
Leeds
Québec
Whitehorse
Kelowna
Moncton
St. John's
Lethbridge
 
Antwortstatistiken
Antwort % Korrekt
Toronto
79%
Montreal
78%
Vancouver
78%
Ottawa
75%
Québec
70%
Winnipeg
63%
Calgary
62%
Edmonton
61%
Halifax
58%
Whitehorse
27%
Regina
26%
Trois-Rivières
22%
Yellowknife
22%
Iqualuit
21%
St. John's
18%
Kelowna
17%
Saguenay
17%
Moncton
11%
Sudbury
10%
Lethbridge
6%
Sherbrooke
6%
Keine übereinstimmenden Quizze gefunden
Verteilung der Resultate
Anzahl Personen mit jedem Resultat
Perzentil nach korrekt beantworteten Fragen
Ihre Resultats-Entwicklung
Sie haben dieses Quiz noch nicht gespielt